Govt. of
Madhya Pradesh

Myth, Cult & Symbols In Sakta Hinduism (Record no. 16332)

MARC details
000 -LEADER
fixed length control field 004220000a22001570004500
001 - CONTROL NUMBER
control field 004443
003 - CONTROL NUMBER IDENTIFIER
control field MACL
040 ## - CATALOGING SOURCE
Original cataloging agency MACL
090 ## - LOCALLY ASSIGNED LC-TYPE CALL NUMBER (OCLC); LOCAL CALL NUMBER (RLIN)
-- 16436
-- 16435
100 ## - MAIN ENTRY--PERSONAL NAME
Personal name Beane, Wendell Charles
245 ## - TITLE STATEMENT
Title Myth, Cult & Symbols In Sakta Hinduism
Remainder of title A Study Of The Indian Mother Goddesh
Statement of responsibility, etc. Wendell Charles Beane
260 ## - PUBLICATION, DISTRIBUTION, ETC. (IMPRINT)
Place of publication, distribution, etc. Munshiram manoharlal Publishers,
Date of publication, distribution, etc. 2001
350 ## - PRICE (NR) (BK AM CF MU VM SE) [OBSOLETE]
Price 550
650 ## - SUBJECT ADDED ENTRY--TOPICAL TERM
Topical term or geographic name as entry element Religion
942 ## - ADDED ENTRY ELEMENTS (KOHA)
Call number prefix 295
Koha item type Library Membar
Holdings
Withdrawn status Lost status Source of classification or shelving scheme Damaged status Not for loan Home library Current library Date acquired Cost, normal purchase price Total Checkouts Full call number Barcode Date last seen Uniform Resource Identifier Price effective from Koha item type
          MACL MACL 01/07/2015 550.00   295.5 BEA CRE016849 02/05/2024 16238 15/04/2015 Books